000 00834cab a2200253 4500
001 WB3304-20
008 090401t1997 xxu||||| |||| 00| 0 eng d
035 _a(Sirsi) u33033
041 _aeng
245 _aLeaseholders under pressure
260 _c1997
350 _a0
490 _aTimes
_v18 January 1997, 35(1)
520 _aAccording to Leas, landlords are continuing to force leaseholders to pay high service charge bills by threatening eviction, despite new rules introduced by the Housing Act 1996 which strengthen leaseholders rights. Details.
650 _aEVICTION
650 _aHOUSING ACT 1996
650 _aLEAS
650 _aLEASEHOLD VALUATION TRIBUNALS
650 _aRIGHT TO BUY
650 _aSERVICE CHARGES
690 _aLANDLORD AND TENANT-LEASEHOLD REFORM
942 _n0
948 _c04/03/1997
999 _c22076
_d22076